00499 2200193 4500001002100000005001700021035002500038090001700063110002200080245004400102250001000146260003300156300003200189650001600221990001700237990001700254990001700271990001700288YOGYA00000000010236020150212144805.0 a0010-081400000099019 aPK 784 Tim K aTim Media Pusindo aKumpulan Lagu DaerahcTim Media Pusindo aCet.1 aJakartabMedia Pusindoc2008 aii, 270 hlm.bilus.c25 cm. aLagu daerah a1993.PK/B.08 a1995.PK/B.08 a1998-PK/B.08 a1335-PK/B.09